Statistics for Los Angeles Lakers Quiz

Click here to take the quiz!

General Stats

  • This quiz has been taken 335 times
    (184 since last reset)
  • The average score is 12 of 20

Answer Stats

HintAnswer% Correct
How many NBA Championships do the Lakers have?17
98%
What team is considered the Lakers biggest rivals?Boston Celtics
97%
Who the Lakers (unfortunately) share an arena with?Clippers
89%
How many players have won the MVP Award with the Lakers?4
87%
Where did the Lakers play before moving to Los Angeles?Minneapolis
85%
Who owns the record for most points in a single game in Lakers history?Kobe Bryant
68%
Have the Lakers won more games in Los Angeles or Minneapolis?Los Angeles
66%
Who is the only Laker to win the Slam Dunk Contest during the All-Star Weekend?Kobe Bryant
64%
What arena do the Lakers play in?Staples Center
61%
Who is the head coach of the Lakers?Frank Vogel
60%
How many jersey numbers are retired in Lakers franchise history?11
59%
How many Laker career records are owned by Kobe Bryant?15
57%
What family owns the Lakers?Buss Family
55%
What was the nickname of the Lakers when Magic Johnson and Kareem Abdul-Jabbar were leading the charge?Showtime Lakers
55%
How many players have been selected to the NBA All-Star Game while playing with the Lakers?32
47%
How many Laker representatives are in the James Naismith Memorial Basketball Hall of Fame?36
45%
Other than Kobe Bryant, what other player was on all five of the Lakers last championship teams?Derek Fisher
45%
Who is the only Laker to win the NBA Defensive Player of the Year Award?Michael Cooper
36%
Who is the only Laker to win the NBA Rookie of the Year Award?Elgin Baylor
35%
Who is the only Laker to win the NBA Sixth Man of the Year Award?Lamar Odom
31%

Score Distribution

Percentile by Number Answered

Percent of People with Each Score

Your Score History

You have not taken this quiz since the last reset